[Event "HUN-chT2 Erkel 0304"]
[Site "Hungary"]
[Date "2004.04.18"]
[Round "11"]
[White "Koczka, Zsolt"]
[Black "Tamassy, Zoltan"]
[Result "1/2-1/2"]
[WhiteElo "2206"]
[BlackElo "2246"]
[PlyCount "23"]
[EventDate "2003.09.28"]
[EventType "team"]
[EventRounds "11"]
[EventCountry "HUN"]
[SourceTitle "EXT 2009"]
[Source "ChessBase"]
[SourceDate "2008.11.26"]
[SourceVersion "1"]
[SourceVersionDate "2008.11.26"]
[SourceQuality "1"]
[WhiteTeam "Honved II"]
[BlackTeam "Lang"]
[WhiteTeamCountry "HUN"]
[BlackTeamCountry "HUN"]

1. d4 d6 2. c4 c6 3. Nc3 Qc7 4. e4 e5 5. d5 Be7 6. Be3 Nf6 7. f3 Nbd7 8. Qd2 Nf8 9. Bd3 Ng6 10. g3 c5 11. a3 Bd7 12. Nge2 1/2-1/2